Виртуальная панель непрерывного контроля качества продукции; Современные техника и технологии - СТТ' 2002; Т. 2

Бібліографічні деталі
Parent link:Современные техника и технологии - СТТ' 2002: труды VIII международной научно-практической конференции студентов, аспирантов и молодых ученых, Томск, 8-12 апреля 2002 г./ Томский политехнический университет.— , 2002-
Т. 2.— 2002.— С. 195-197
Автор: Александрова Т. В. Татьяна Викторовна
Інші автори: Малышенко А. М. Александр Максимович
Мова:Російська
Опубліковано: 2002
Предмети:
Формат: Частина з книги
KOHA link:https://koha.lib.tpu.ru/cgi-bin/koha/opac-detail.pl?biblionumber=77625

MARC

LEADER 00000naa2a2200000 4500
001 77625
005 20251202132702.0
035 |a (RuTPU)RU\TPU\book\83226 
090 |a 77625 
100 |a 20050525d2002 k y0rusy50 ca 
101 0 |a rus 
102 |a RU 
200 1 |a Виртуальная панель непрерывного контроля качества продукции  |f Т. В. Александрова, А. М. Малышенко 
320 |a Библиогр.: 4 назв. 
461 1 |0 (RuTPU)RU\TPU\book\45612  |t Современные техника и технологии - СТТ' 2002  |o труды VIII международной научно-практической конференции студентов, аспирантов и молодых ученых, Томск, 8-12 апреля 2002 г.  |f Томский политехнический университет  |d 2002- 
463 1 |0 (RuTPU)RU\TPU\book\44698  |t Т. 2  |f отв. ред. А. С. Заворин  |v С. 195-197  |d 2002 
610 1 |a качество 
610 1 |a непрерывный контроль 
610 1 |a виртуальные панели 
610 1 |a автоматизированные производства 
610 1 |a информационно-измерительные системы 
610 1 |a труды учёных ТПУ 
700 1 |a Александрова  |b Т. В.  |c специалист в области автоматического управления  |c ассистент Томского политехнического университета  |f 1976-  |g Татьяна Викторовна  |3 (RuTPU)RU\TPU\pers\25724 
701 1 |a Малышенко  |b А. М.  |c специалист в области информатики и вычислительной техники  |c профессор Томского политехнического университета, доктор технических наук  |c член-корреспондент Академии электротехнических наук РФ  |c действительный член Международной академии наук высшей школы  |f 1937-  |g Александр Максимович  |3 (RuTPU)RU\TPU\pers\21983  |9 9294 
801 1 |a RU  |b 63413507  |c 20050525  |g PSBO 
801 2 |a RU  |b 63413507  |c 20141007  |g RCR 
942 |c BK